000 00604ntaaa2200217 4500
003 01
005 20251027203214.0
008 0714s1973 ag 01
020 _a0825422159
040 _aAR-BaBN
_bspa
_cAR-BaBN
_eaacr
_dRIC
082 _a225.7 B43 T1
082 _a225.7 B43 T2
100 _aBengel, John Albert
_933948
245 _aNew testament word studies :
_bMatthew - acts /
_cJohn Albert Bengel
250 _a1ยช ed.
260 _aGrand Rapids :
_bKregel Publications,
_c1971
300 _a925 p.
650 _aNUEVO TESTAMENTO
650 _aCOMENTARIO MATEO - HECHOS
_933949
942 _cBK
999 _c27511
_d27511